Posúdenie dlhodobých a krátkodobých rezerv podniku z hľadiska interného kontrolóra diplomová práca

Saved in:
Bibliographic Details
Main Author: Janšová, Zuzana
Corporate Author: Fakulta hospodárskej informatiky EU. Katedra účtovníctva a audítorstva
Other Authors: Vépyová, Mária
Format: Book
Language:Slovak
Published: Bratislava 2018
Tags: Add Tag
No Tags, Be the first to tag this record!

MARC

LEADER 00000nbm a2200000 4500
001 0243576
005 20181108091408.4
041 0 |a slo 
044 |a SK 
245 1 0 |a Posúdenie dlhodobých a krátkodobých rezerv podniku z hľadiska interného kontrolóra  |b diplomová práca  |c Zuzana Janšová ; školiteľ: Mária Vépyová 
264 1 |a Bratislava  |c 2018 
300 |a 65 s. 
100 1 |a Janšová, Zuzana 
700 1 |a Vépyová, Mária 
710 2 |a Fakulta hospodárskej informatiky EU. Katedra účtovníctva a audítorstva